| 000 | 00503nam a22001817a 4500 | ||
|---|---|---|---|
| 003 | CEME | ||
| 005 | 20210628203256.0 | ||
| 008 | 210122b xxu||||| |||| 00| 0 eng d | ||
| 040 | _c. | ||
| 082 | _a320.9730519 WIL | ||
| 100 |
_aWilson, James Q _964449 |
||
| 245 | _aAmerican government,institutions and policies | ||
| 250 | _a5TH | ||
| 260 |
_aISLAMABAD _bNATIONAL BOOK FOUNDATION _c2007 |
||
| 300 | _aXV,750 P | ||
| 650 |
_aAMERICAN GOVERNMENT INSTITUTIONS AND POLICIES _964450 |
||
| 942 |
_cBK _2ddc |
||
| 999 |
_c572932 _d572932 |
||